000 00684nam a22002177a 4500
999 _c4559
_d4559
003 AR-CdUCM
008 190311b ||||| |||| 00| 0 spa d
040 _aMUNICIPALIDAD PROVINCIAL DEL CUSCO
_cBIBLIOTECA MUNICIPAL DEL CUSCO
041 _hrus
082 _a891.7 /
_bG86
100 _aGuerman, Yuri
_914258
245 _aRespondo por Todo :
_bTercer libro sobre el médico Vladímir Ustimenko /
260 _aMoscú :
_bProgreso.
300 _a903 páginas ;
_bIlustraciones
_c20cm
505 _aContenido : Novela
650 _aNovela rusa
_914259
650 _aLiteratura rusa
_99773
700 _aAstor, César (traducción)
_914260
942 _2ddc
_cLIBROS
945 _anom